00473nam a2200169Ia 4500003000400000005001700004008004100021020001800062040000900080082001700089100002500106245007600131250001200207260004500219300000900264650003000273OSt20200121121438.0190216s9999||||xx |||||||||||||| ||und|| a9788120727540 coclc a658.3bCHA/H a Chatterjee, Bhaskar 0aHuman Resource Management :bA Contemporary Text /cBhaskar Chatterjee a2nd ed. bSterling Publicationsc2004.aNew Delhi: a393p aHuman Resource Management